| 000 | 00599nam a22001937a 4500 | ||
|---|---|---|---|
| 003 | KOHA_MİRAKIL | ||
| 005 | 20251224170306.0 | ||
| 008 | 251224b tu ||||| |||| 00| 0 tur d | ||
| 020 | _a9786054362301 | ||
| 040 |
_aTR-AnABB _btur _cTR-AnABB |
||
| 041 | _atur | ||
| 082 |
_a371.334 _bCAG 2011 |
||
| 100 | 1 | _aÇağıltay, Kürşat, | |
| 245 | 1 | 0 |
_aİnsan bilgisayar etkileşimi ve kullanılabilirlik mühendisliği / _cKürşat Çağıltay |
| 260 |
_aAnkara : _bODTÜ Geliştirme Vakfı, _c2011 |
||
| 300 |
_a226 sayfa ; _c24 cm |
||
| 650 | 0 | 4 | _aBilişim teknolojileri |
| 942 |
_2ddc _cBK |
||
| 999 |
_c9979 _d9979 |
||
| 900 | _bGizem YORULMAZ | ||